| 000 | 00448nam a22001457a 4500 | ||
|---|---|---|---|
| 003 | macl | ||
| 005 | 20180412123738.0 | ||
| 008 | 180412b xxu||||| |||| 00| 0 eng d | ||
| 040 | _cmacl | ||
| 100 |
_aकमल किशोर गोयनका _971971 |
||
| 245 | _aयशपाल कुछ संस्मरण | ||
| 260 |
_aदिल्ली _bयश पब्लि. _c2016 |
||
| 650 |
_aरचनावली _9163 |
||
| 942 |
_2ddc _cHIN |
||
| 999 |
_c57686 _d57686 |
||